LEADER 10492nas# 22006611i 450 001 UON00100637 005 20260216103534.987 011 $a1128--7209 100 $a20020107a1982 |0itac50 ba 101 $aita 102 $aIT 105 $a|||| ||||| 110 $aaA||||||||| 200 1 $aA.I.O.N. Annali dell'Istituto Universitario Orientale di Napoli, Dipartimento di Studi del Mondo Classico e del Mediterraneo Antico. Sezione Filologico-Letteraria$fdirettore responsabile Albio Cesare Cassio 205 $a4-5(1982-1983)- 207 $aRoma : Edizioni dell'Ateneo, c1987- 210 $av.$a23 cm 215 $aAnnuale 316 $aDono Uni di Napoli "L'Orientale"$5IT-UONSI PER A045033/2011 316 $aDono Uni di Napoli "L'Orientale"$5IT-UONSI PER A045034/2012 316 $aDono L'Orientale - Dip. Asia Africa Mediterraneo$5IT-UONSI PER A045035/2013 316 $aDono L'Orientale - Dip. Asia Africa Mediterraneo$5IT-UONSI PER A045036/2014 316 $aDono L'Orientale - Dip. Asia Africa Mediterraneo$5IT-UONSI PER A045037/2015 316 $aDono L'Orientale - Dip. Asia Africa Mediterraneo$5IT-UONSI PER A045038/2016 316 $aDono L'Orientale - Dip. Asia Africa Mediterraneo$5IT-UONSI PER A045039/2017 316 $aDono L'Orientale - Dip. Asia Africa Mediterraneo$5IT-UONSI PER A045040/2018 316 $aDono L'Orientale - Dip. Asia Africa Mediterraneo$5IT-UONSI PER A045041/2019 316 $aDono L'Orientale - Dip. Asia Africa Mediterraneo$5IT-UONSI PER A045042/2020 316 $aDono L'Orientale - Dip. Asia Africa Mediterraneo$5IT-UONSI PER A045043/2021 316 $aDono L'Orientale - Dip. Asia Africa Mediterraneo$5IT-UONSI PER A045044/2022 316 $aDono L'Orientale - Dip. Asia Africa Mediterraneo$5IT-UONSI PER A045045/2023 316 $aDono L'Orientale - Dip. Asia Africa Mediterraneo$5IT-UONSI PER A045046/2024 316 $aEsemplare smarrito.$5IT-UONSI PER A045009/10/1987-1988 316 $aSeconda copia$5IT-UONSI PER A045009/10/1987-1988 316 $aIndice della rivista (1/1979-30/2008) Indice dei quaderni (1-13)$5IT-UONSI PER A0450INDEX/2010 316 $aDono del Dipartimento$5IT-UONSI PER A045032/2010 423 1$1001UON00364605$12001 $aAnnali dell'Istituto Universitario Orientale di Napoli, Dipartimento di Studi del Mondo Classico e del Mediterraneo Antico. Sezione Filologico-Letteraria 430 1$1001UON00100636$12001 $aA.I.O.N. Annali dell'Istituto Universitario Orientale di Napoli, Seminario di Studi del Mondo Classico. Sezione Filologico-Letteraria$fdirettore responsabile Giuseppe Morelli$1205 $a2-3(1980-1981)$1207 $aRoma : Edizioni dell'Ateneo, c1983$1210 $a1 v.$a23 cm$1215 $aAnnuale$v1982- 463 1$1001UON00382622$12001 $aˆLo ‰scudo di Achille nell'Iliade$eesperienze ermeneutiche a confronto. Atti della giornata di studi - Napoli 12 maggio 2008$fa cura di Matteo D'Acunto e Riccardo Palmisciano$1210 $aPisa$aRoma$cSerra Editore$d2010$1215 $a245 p.$cill.$d24 cm$v31 463 1$1001UON00101233$12001 $aAtti del colloquio su poetica e politica fra Platone e Aristotele$eNapoli 7-8 maggio 1987$1210 $aNapoli$cedizioni dell'Ateneo$d1988$1215 $a139 p.$d24 cm$v6 517 1$3UON00374268$aAnnali dell'Università degli studi di Napoli "L'Orientale" Dipartimento di studi del Mondo classico e del Mediterraneo antico. Sezione filologico- letteraria 517 1$3UON00508398$aA.I.O.N. Annali dell'Università degli Studi di Napoli "L'Orientale", sezione di Filologia e Letteratura Classica, Dipartimento Asia, Africa e Mediterraneo 620 $aIT$dRoma$3UONL000004 620 $aIT$dPisa$3UONL000055 702 1$aCassio$bAlbio Cesare$3UONV056422 702 1$aCERRI$bGiovanni$3UONV056204 702 1$aROSELLI$bAmneris$3UONV014716 712 02$aIstituto Universitario Orientale Napoli$bDipartimento di Studi del Mondo Classico e del Mediterraneo Antico$3UONV003559 712 $aEdizioni dell'Ateneo$3UONV248180$4650 712 $aSerra$3UONV274815$4650 791 02$aDipartimento di Studi del Mondo Classico e del Mediterraneo Antico$zIstituto Universitario Orientale Napoli : Dipartimento di Studi del Mondo Classico e del Mediterraneo Antico$3UONV001439 801 $aIT$bSOL$c20260220$gRICA 856 4 $uhttps://brill.com/view/journals/aion/aion-overview.xml?rskey=qtYl49&result=1$zAlcuni articoli in Open Access 899 $aSIBA - SISTEMA BIBLIOTECARIO DI ATENEO E ARCHIVIO STORICO$2UONSI$44/5(1982-1983)-$cPER A 0450 ; 912 $aUON00100637 950 $aSIBA - SISTEMA BIBLIOTECARIO DI ATENEO E ARCHIVIO STORICO$bSI 4/5(1982-1983)-$dSI PER A 0450 33 2011 $eSI 2668 7 2011 Dono Uni di Napoli "L'Orientale"$dSI PER A 0450 34 2012 $eSI 9930 7 2012 Dono Uni di Napoli "L'Orientale"$dSI PER A 0450 35 2013 $eSI 14071 7 2013 Dono L'Orientale - Dip. Asia Africa Mediterraneo$dSI PER A 0450 36 2014 $eSI 21269 7 2014 Dono L'Orientale - Dip. Asia Africa Mediterraneo$dSI PER A 0450 37 2015 $eSI 21270 7 2015 Dono L'Orientale - Dip. Asia Africa Mediterraneo$dSI PER A 0450 38 2016 $eSI 22765 7 2016 Dono L'Orientale - Dip. Asia Africa Mediterraneo$dSI PER A 0450 39 2017 $eSI 25137 7 2017 Dono L'Orientale - Dip. Asia Africa Mediterraneo$dSI PER A 0450 40 2018 $eSI 37810 7 2018 Dono L'Orientale - Dip. Asia Africa Mediterraneo$dSI PER A 0450 41 2019 $eSI 38746 7 2019 Dono L'Orientale - Dip. Asia Africa Mediterraneo$dSI PER A 0450 42 2020 $eSI 38748 7 2020 Dono L'Orientale - Dip. Asia Africa Mediterraneo$dSI PER A 0450 43 2021 $eSI 38767 7 2021 Dono L'Orientale - Dip. Asia Africa Mediterraneo$dSI PER A 0450 44 2022 $eSI 48983 7 2022 Dono L'Orientale - Dip. Asia Africa Mediterraneo$dSI PER A 0450 45 2023 $eSI 52535 7 2023 Dono L'Orientale - Dip. Asia Africa Mediterraneo$dSI PER A 0450 46 2024 $eSI 53932 7 2024 Dono L'Orientale - Dip. Asia Africa Mediterraneo$dSI PER A 0450 04/05 1982-1983 $eSI MC 11263 7 1982-1983 $dSI PER A 0450 06 1984 $eSI MC 12907 7 1984 $dSI PER A 0450 07/08 1985-1986 $eSI MC 13895 7 1985-1986 $dSI PER A 0450 09/10 1987-1988 $eSI MC 14668 7 1987-1988 Esemplare smarrito.$sSmarrito$dSI PER A 0450 11 1989 $eSI MC 15263 7 1989 $dSI PER A 0450 09/10 1987-1988 $eSI MC 16015 7 1987-1988 Seconda copia$dSI PER A 0450 15 1993 $eSI MC 19481 7 1993 $dSI PER A 0450 16 1994 $eSI MC 19486 7 1994 $dSI PER A 0450 18 1996 $eSI MC 22129 7 1996 $dSI PER A 0450 12 1990 $eSI MC 22455 7 1990 $dSI PER A 0450 13 1991 $eSI MC 22456 7 1991 $dSI PER A 0450 17 1995 $eSI MC 22457 7 1995 $dSI PER A 0450 14 1992 $eSI MC 22458 7 1992 $dSI PER A 0450 19 1997 $eSI MC 22688 7 1997 $dSI PER A 0450 20 1998 $eSI MC 22728 7 1998 $dSI PER A 0450 21 1999 $eSI MC 23356 7 1999 $dSI PER A 0450 22 2000 $eSI MC 24432 7 2000 $dSI PER A 0450 23 2001 $eSI MC 25343 7 2001 $dSI PER A 0450 24 2002 $eSI MC 25912 7 2002 $dSI PER A 0450 25 2003 $eSI MC 27640 7 2003 $dSI PER A 0450 26 2004 $eSI MC 29077 7 2004 $dSI PER A 0450 27 2005 $eSI MC 29721 7 2005 $dSI PER A 0450 28 2006 $eSI MC 30838 7 2006 $dSI PER A 0450 29 2007 $eSI MC 31613 7 2007 $dSI PER A 0450 30 2008 $eSI MC 32360 7 2008 $dSI PER A 0450 31 2009 $eSI MC 33184 7 2009 $dSI PER A 0450 INDEX 2010 $eSI MC 33235 7 2010 Indice della rivista (1/1979-30/2008) Indice dei quaderni (1-13)$dSI PER A 0450 32 2010 $eSI MC 33686 7 2010 Dono del Dipartimento 996 $aAion. Annali dell'Istituto Universitario Orientale di Napoli. Dipartimento di Studi del Mondo Classico e del Mediterraneo Antico. Sezione filologico-letteraria$9801803 997 $aUNIOR